<?xml version="1.0" encoding="UTF-8"?>
<collection xmlns="http://www.loc.gov/MARC21/slim">
 <record>
  <leader>01457nam a2200217Ia 4500</leader>
  <controlfield tag="001">CTU_236910</controlfield>
  <controlfield tag="008">210402s9999    xx            000 0 und d</controlfield>
  <datafield tag="020" ind1=" " ind2=" ">
   <subfield code="c">199000</subfield>
  </datafield>
  <datafield tag="082" ind1=" " ind2=" ">
   <subfield code="a">651.73</subfield>
  </datafield>
  <datafield tag="082" ind1=" " ind2=" ">
   <subfield code="b">W433</subfield>
  </datafield>
  <datafield tag="100" ind1=" " ind2=" ">
   <subfield code="a">Weissman, Jerry</subfield>
  </datafield>
  <datafield tag="245" ind1=" " ind2="0">
   <subfield code="a">Nghệ thuật diễn thuyết để thành công :</subfield>
  </datafield>
  <datafield tag="245" ind1=" " ind2="0">
   <subfield code="b">Bí quyết thu hút, dẫn dắt và lôi kéo khán giả thông qua nghệ thuật kể chuyện = Presenting to win : the art of telling your story</subfield>
  </datafield>
  <datafield tag="245" ind1=" " ind2="0">
   <subfield code="c">Jerry Weissman ; T&amp;H Communications (Nhóm dịch) ; Nguyễn Thị Thanh Hải (Hiệu đính)</subfield>
  </datafield>
  <datafield tag="260" ind1=" " ind2=" ">
   <subfield code="a">Hà Nội</subfield>
  </datafield>
  <datafield tag="260" ind1=" " ind2=" ">
   <subfield code="b">Thế giới</subfield>
  </datafield>
  <datafield tag="260" ind1=" " ind2=" ">
   <subfield code="c">2020</subfield>
  </datafield>
  <datafield tag="520" ind1=" " ind2=" ">
   <subfield code="a">Cung cấp các kiến thức và kỹ năng cần thiết về nghệ thuật thuyết trình trong kinh doanh: nghệ thuật tư duy, các phương thức sắp xếp tư liệu trong một bài thuyết trình, cách thu hút sự chú ý của khán giả, chỉ ra tầm quan trọng của việc chuyển thể từ ngôn ngữ viết thành ngôn ngữ nói trong quá trình xây dựng và thực hành bài thuyết trình, hướng dẫn thiết kế đồ hoạ trong thuyết trình</subfield>
  </datafield>
  <datafield tag="650" ind1=" " ind2=" ">
   <subfield code="a">Thuyết trình kinh doanh,Business presentations</subfield>
  </datafield>
  <datafield tag="910" ind1=" " ind2=" ">
   <subfield code="b">nthai</subfield>
  </datafield>
  <datafield tag="980" ind1=" " ind2=" ">
   <subfield code="a">Trung tâm Học liệu Trường Đại học Cần Thơ</subfield>
  </datafield>
 </record>
</collection>
